000 01141naa a22003017a 4500
001 BR9212423
003 BR-BrBNA
005 20240918181640.0
007 ta
008 230509b bl.||||| |||| 00| 0 por d
040 _aBR-BrBNA
_bpor
_cBiblioteca Nacional de Agricultura
041 _a(Pt)
072 _aQ80
_b3575
090 _aQ80 BR9212423
100 1 _aFigliolia, M.B.
100 1 _aSilva, A. da
100 1 _aGarcia, E.E.
111 1 _a2. Simposio Brasileiro sobre Tecnologia de Sementes Florestais
_cAtibaia, SP (Brazil)
_d16-19 Oct 1989
245 1 _aAcondicionamento de sementes em embalagens flexiveis em varios ambientes e condicoes atmosfericas
260 3 _aSao Paulo, SP (Brasil):
_c1991.
500 _aAnais do 2. Simposio Brasileiro sobre Tecnologia de Sementes Floretais Sao Paulo, SP (Brasil): 1991. p. 18 (BR9212423-AM)Q80
650 _aSemente
650 _aAcondicionamento
650 _aEmbalagem
773 0 _tAnais do 2. Simposio Brasileiro sobre Tecnologia de Sementes Floretais
_wQ80 BR9212423
_gSao Paulo, SP (Brasil), 1991. p. 18
909 _a202404
_bLucia
_c55
_dLucia Elande
942 _cAM
_2AGRIS
999 _c326199
_d326199